00486nam a2200169 a 450000100100000000500170001000800410002702000150006804000250008308200200010810000280012824500300015626000610018630000270024765000200027465000220029400001918820200929165939.0100527s1988 ag a r 000 p spa d a9509845078 aDO-SdBNPbspacBNPHU aCU861.44bM939e1 aMozo, Emilio M.,d1941-10aEn el ala del mosquito /. aBuenos Aires, Argentina :bEditor Interamericano,c1988. a66 p. :bil. ;c18 cm. 4aPoesía cubana 4aLiteratura cubana